Mississippi River City Map Quiz - Statistics

General Stats
  • This quiz has been taken 62 times
  • The average score is 12 of 18
Answers on the Map
Answers color-coded by a green-red scale on the quiz's map according to % correct below.
 
Answer Stats
Answer % Correct
Minneapolis
91%
St Louis
82%
New Orleans
80%
Pittsburgh
80%
Baton Rouge
76%
Memphis
76%
Cincinnati
73%
Louisville
73%
Omaha
71%
Kansas City
67%
Little Rock
67%
Tulsa
67%
Davenport
62%
Huntsville
62%
Knoxville
62%
Chattanooga
56%
Pueblo
47%
Wichita
47%
No matching quizzes found
Score Distribution
Percent of People with Each Score
Percentile by Number Answered
Your Score History
You have not taken this quiz